The Practical Book of Interior Decoration (Record no. 4335)

MARC details
000 -CABECERA
campo de control de longitud fija 01009nam a2200253 a 4500
001 - NÚMERO DE CONTROL
campo de control BRCA_4632
005 - FECHA Y HORA DE LA ÚLTIMA TRANSACCIÓN
campo de control 20190320204737.0
008 - DATOS DE LONGITUD FIJA--INFORMACIÓN GENERAL
campo de control de longitud fija 280910s1919----u--a######---#000-0#eng-#
041 ## - CÓDIGO DE LENGUA
Código de lengua del texto/banda sonora o título independiente eng
044 ## - CÓDIGO DEL PAÍS DE LA ENTIDAD EDITORA/PRODUCTORA
Código MARC del país u
050 #4 - SIGNATURA TOPOGRÁFICA DE LA BIBLIOTECA DEL CONGRESO
Número de clasificación NK2110
Número de documento/Ítem .E24 1919
100 1# - ENTRADA PRINCIPAL--NOMBRE DE PERSONA
Nombre de persona Eberlein, Harold Donalson
9 (RLIN) 11721
245 10 - MENCIÓN DE TÍTULO
Título The Practical Book of Interior Decoration
Mención de responsabilidad, etc. by Harold Donalson Eberlein, Abbot McClure and Edward Stratton Holloway.
260 ## - PUBLICACIÓN, DISTRIBUCIÓN, ETC.
Lugar de publicación, distribución, etc. Filadelfia, Estados Unidos
Nombre del editor, distribuidor, etc. J. B. Lippincott
Fecha de publicación, distribución, etc. 1919
300 ## - DESCRIPCIÓN FÍSICA
Extensión xx, 451 p.
Otras características físicas il. (algunas a color)
Dimensiones 23 cm.
500 ## - NOTA GENERAL
Nota general Incluye índice de ilustraciones, índice analítico y un cuadro de las cuatro grandes influencias decorativas: Renacimiento, Barroco, Rococó y Neoclásico
500 ## - NOTA GENERAL
Nota general D42
650 14 - PUNTO DE ACCESO ADICIONAL DE MATERIA--TÉRMINO DE MATERIA
Término de materia o nombre geográfico como elemento de entrada Decoración y ornamentación
Subdivisión general Casas
9 (RLIN) 11722
650 14 - PUNTO DE ACCESO ADICIONAL DE MATERIA--TÉRMINO DE MATERIA
Término de materia o nombre geográfico como elemento de entrada Decoración y ornamentación
Subdivisión general Decoración interior
9 (RLIN) 11723
700 1# - PUNTO DE ACCESO ADICIONAL--NOMBRE DE PERSONA
Nombre de persona McClure, Abbot
Término indicativo de función/relación Coautor
9 (RLIN) 11724
700 1# - PUNTO DE ACCESO ADICIONAL--NOMBRE DE PERSONA
Nombre de persona Stratton Holloway, Edward
Término indicativo de función/relación Coautor
9 (RLIN) 11725
902 ## - CATALOGADOR
Iniciales GFM
942 ## - ELEMENTOS DE PUNTO DE ACCESO ADICIONAL (KOHA)
Fuente del sistema de clasificación o colocación Library of Congress Classification
Tipo de ítem Koha Libros
Holdings
Estado de retiro Estado de pérdida Estado dañado No para préstamo Localización permanente Ubicación/localización actual Fecha de adquisición Número de inventario Total de préstamos Signatura topográfica completa Código de barras Fecha visto por última vez Precio válido a partir de Tipo de ítem Koha
El ejemplar forma parte de la colección y puede ser consultado según las políticas vigentes.       Biblioteca del Museo Franz Mayer (Rogerio Casas-Alatriste) Biblioteca del Museo Franz Mayer (Rogerio Casas-Alatriste) 28/09/2010 D42   NK2110 .E24 1919 (D42) 4631 22/03/2019 22/03/2019 Libros